Top 100 Cities with Most Metro Rail Stations - Statistics

General Stats
  • This quiz has been taken 941 times
    911 since last reset
  • The average score is 66 of 100
Answer Stats
# city % Correct
459 New York
98%
315 London
94%
334 Beijing
93%
145 Chicago
93%
302 Paris
93%
173 Berlin
92%
301 Madrid
91%
355 Tokyo-Yokohama
91%
206 Moscow
90%
364 Shanghai
90%
180 Barcelona
89%
41 Rio de Janeiro
89%
51 Boston
88%
85 Buenos Aires
88%
73 Rome
88%
67 São Paulo
88%
69 Toronto
88%
195 Mexico City
87%
61 Cairo
86%
164 Delhi
86%
383 Guangzhou- Shenzhen
86%
93 Hong Kong
86%
91 Washington
86%
113 Milan
84%
96 Munich
84%
148 Osaka-Kobe
84%
33 Amsterdam
83%
67 Saint Petersburg
83%
45 San Francisco
83%
108 Santiago
83%
343 Seoul
83%
104 Vienna
83%
73 Istanbul
82%
88 Philadelphia
82%
100 Stockholm
82%
101 Oslo
81%
27 Warsaw
81%
26 Lima
80%
53 Vancouver
80%
91 Hamburg
79%
56 Lisbon
79%
68 Montréal
79%
68 Bangkok
78%
59 Brussels
78%
52 Budapest
78%
61 Athens
77%
119 Singapore
77%
52 Kiev
76%
55 Incheon
73%
31 Manila
73%
61 Prague
73%
53 Bucharest
72%
86 Kuala Lumpur
72%
40 Lyon
72%
117 Taipei
72%
130 Wuhan
72%
49 Caracas
71%
28 Marseille
71%
103 Tehran
70%
47 Dubai
69%
66 Xi'an
69%
38 Atlanta
67%
54 Ankara
65%
35 Sofia
64%
104 Tianjin
64%
101 Chengdu
63%
149 Busan
61%
126 Chongqing
61%
62 Rotterdam
61%
87 Nagoya
60%
46 Sapporo
58%
139 Nanjing
55%
29 Minsk
54%
31 Kyoto
51%
27 Medellín
49%
31 Monterrey
45%
41 Bengaluru
44%
60 Lille
43%
35 Fukuoka
40%
28 Recife
40%
68 Dalian
39%
37 Toulouse
39%
43 Shenyang
38%
43 Changsha
34%
48 Bilbao
33%
30 Kharkhiv
33%
60 Kunming
33%
58 Daegu
32%
49 Nuremberg
31%
61 Zhengzhou
31%
97 Suzhou
27%
29 Tashkent
27%
30 Santo Domingo
26%
29 Sendai
26%
51 Ningbo
21%
37 Kaohsiung
20%
45 Wuxi
19%
40 Nanchang
13%
31 Mashhad
12%
38 Bursa
11%
No matching quizzes found
Score Distribution
Percent of People with Each Score
Percentile by Number Answered
Your Score History
You have not taken this quiz since the last reset